000 00811nam0a22002411 4500
001 v19\rc\1302108
005 20251212102206.0
035 _a(NLR Aleph) 004460513
090 _a4516015
_c4516015
100 _a20060512d1868 u y0rusy50 ca
101 0 _arus
102 _aRU
105 _ay z |||||
200 1 _aНовый подарок для молодых хозяек, заключающий в себе около 2000 различных кушаний
_eВ 16-ти ч.
_fСост. Е. М.......н
210 _aМосква
_d1868
316 _aЭкз РНБ (18.104.3.25) утрачен в 1948 г.
_5NLR: 18.104.3.25
702 1 _aМ.......н
_bЕ.
_4220
801 0 _aRU
_bNLR
_gpsbo
801 1 _aRU
_bProSoft-M
_2rusmarc
852 _aNLR
_j18.104.3.25
942 _cBOOK
980 _aNB